| 000 | 00335nam a22001097a 4500 | ||
|---|---|---|---|
| 008 | 230621b xxu||||| |||| 00| 0 eng d | ||
| 082 |
_a328.3 _bIPU 1995 |
||
| 245 | _aResults 93rd Conference and Related Meetings of the Inter-Parliamentary Union | ||
| 260 |
_aSpain _bInter-Parliamentary Union _c1995 |
||
| 300 | _aIII,22p | ||
| 942 |
_2ddc _cBK |
||
| 999 |
_c2153 _d2153 |
||